000 01493nam a2200361 c 4500
003 BLK
005 20180422111956.0
008 180409b bul|||||r ||||||| ||bul||
010 _aKNG00142394000
040 _aBLK
041 _aBUL
_cBUL
080 _aПсихология на расата. Народопсихология
_b159.922.4
_x(=867)
_z159.922.4(=867)
100 1 _aМинкова, Станка Иванова
_eпърви автор
_9261559
700 1 _aТрифонов, Трифон Момчилов
_eсъавт.
_9375025
139 _aМинкова, Станка Иванова и др.
_bМ 66
245 1 0 _aНародопсихологически щрихи на българина
_bИзследване
_cСтанка Иванова Минкова; съавт. Трифон Момчилов Трифонов.
257 _aBGR
260 София
_bОФ
_c1990
300 _a355 с.
_c21 см
380 _a1
500 _a5 200 тир. - Библиогр. с. 349-352.
650 4 _aНародопсихология
_9163472
650 4 _aПсихология
_9168332
650 4 _aБългари - народопсихология
_9252308
653 _aнародопсихология
653 _aпсихология
653 _aбългари
852 _aЦб 164143
856 4 _qpdf
_u
856 4 _qpdf
_u
942 _cKNG
_n0
944 _aCR
_c24.04.2013
_l24.04.2013 - от С1,Р / 24.04.2013
_kГрета_Цуфелде
944 _aED
_c24.04.2013
_l24.04.2013 - от С1,Р / 24.04.2013
_k
999 _c136451
_d136451